000 01063nam a2200277Ia 4500
003 OSt
005 20221005111531.0
006 a|||||r|||| 00| 0
007 ta
008 221004b |||||||| |||| 00| 0 hin d
020 _a8226001801 (hbk)
_cIndian Rupees 100
024 _a41074
037 _bGift, 09/01/2019,
_cTextual
040 _aCRL
_cCRL
_bhin
041 _2hin
_ahin
082 _aO152,3N3118x, P9
100 _aनारंग, गोपीचंद, संपा.
245 0 _aबलवंत सिंह की श्रेष्ठ कहानियॉं
246 _aBalavanta sianha kī shreṣhṭha kahāniyaॉan
260 _aनई दिल्ली
_bसाहित्य अकादेमी भारत
_c2009
300 _a303पृ0
_ccm.
650 _a हिन्दी साहित्य
650 _aहिन्दी कहानी
942 _hO152,3N3118x, P9
_cTEXL
_2cc
999 _c1022112
_d1022112